书目信息 |
| 题名: |
游戏课程论
|
|
| 作者: | 金建生 著 | |
| 分册: | ||
| 出版信息: | 上海 上海交通大学出版社 2019 |
|
| 页数: | 296页 | |
| 开本: | 24cm | |
| 丛书名: | 学术智库 | |
| 单 册: | ||
| 中图分类: | G423.02 , G423 | |
| 科图分类: | ||
| 主题词: | 游戏课--you xi ke--教学研究 | |
| 电子资源: | ||
| ISBN: | 978-7-313-15076-9 | |
| 000 | 01325nam 2200313 450 | |
| 001 | 012001002568 | |
| 005 | 20131029154831.0 | |
| 010 | @a978-7-313-15076-9@dCNY98.00 | |
| 099 | @aCAL 012019057937 | |
| 100 | @a20190314d2019 em y0chiy50 ea | |
| 101 | 0 | @achi |
| 102 | @aCN@b310000 | |
| 105 | @aak a 001yy | |
| 106 | @ar | |
| 200 | 1 | @a游戏课程论@Ayou xi ke cheng lun@f金建生著 |
| 210 | @a上海@c上海交通大学出版社@d2019 | |
| 215 | @a296页@c图@d24cm | |
| 225 | 2 | @a学术智库@Axue shu zhi ku@v707 |
| 300 | @a丽水学院出版经费资助 | |
| 314 | @a金建生, 男, 现任丽水学院教师教育学院教授, 教学副院长。 | |
| 320 | @a有书目 (第291-296页) 和索引 | |
| 330 | @a游戏与课程的结合兼具了课程的目的性和游戏的自然性之道, 是教育者非常推崇的合目的性和合规律性的安排。但课程和游戏的内涵、特种不同, 如何寻找他们的一致性, 融合性, 构成游戏课程, 是本书的一个任务。本书从课程与游戏的内涵, 理论统合出发, 得出课程即游戏, 游戏即课程的结论, 在从游戏课程的具体实践出发, 论述游戏课程与儿童发展、游戏课程的中外实践、游戏课程的规划、实施与指导。最后, 从理论基础视角论述游戏课程的当代理论发展。 | |
| 410 | 0 | @12001 @a学术智库@v707 |
| 606 | 0 | @a游戏课@Ayou xi ke@x教学研究 |
| 690 | @aG423.02@v5 | |
| 690 | @aG423@v5 | |
| 701 | 0 | @a金建生@Ajin jian sheng@4著 |
| 801 | 0 | @aCN@b江苏凤凰@c20191020 |
| 905 | @b1229548-51@dG423.02@e410@f4 | |
| 游戏课程论/金建生著.-上海:上海交通大学出版社,2019 |
| 296页:图;24cm.-(学术智库;707) |
| 丽水学院出版经费资助 |
| ISBN 978-7-313-15076-9:CNY98.00 |
| 游戏与课程的结合兼具了课程的目的性和游戏的自然性之道, 是教育者非常推崇的合目的性和合规律性的安排。但课程和游戏的内涵、特种不同, 如何寻找他们的一致性, 融合性, 构成游戏课程, 是本书的一个任务。本书从课程与游戏的内涵, 理论统合出发, 得出课程即游戏, 游戏即课程的结论, 在从游戏课程的具体实践出发, 论述游戏课程与儿童发展、游戏课程的中外实践、游戏课程的规划、实施与指导。最后, 从理论基础视角论述游戏课程的当代理论发展。 |
| ● |
| 相关链接 |
|
|
|
|
正题名:游戏课程论
索取号:G423.02/410
 
预约/预借
| 序号 | 登录号 | 条形码 | 馆藏地/架位号 | 状态 | 备注 |
| 1 | 1229548 | 212295489 | 第一样本阅览室/ [索取号:G423.02/410] | 在馆 | |
| 2 | 1229549 | 212295498 | 第四借阅区/ [索取号:G423.02/410] | 在馆 | |
| 3 | 1229550 | 212295504 | 第四借阅区/ [索取号:G423.02/410] | 在馆 | |
| 4 | 1229551 | 212295513 | 第四借阅区/ [索取号:G423.02/410] | 在馆 |